000 01267 a2200289 4500
001 40483
005 20260407155659.0
008 260407a2013 arg spa d
003 AR-UNSa-BCEJYS
040 _aAR-UNSa-BCEJYS
_bspa
_cAR-UNSa-BCEJYS
080 _a657.47
_xContabilidad de Costos
245 1 0 _aTeoría y práctica de los sistemas de costos
020 _a978-987-03-2438-6
250 _a2a. ed.
264 1 _aBuenos Aires :
_bLa Ley
_c2013
300 _axxvii, 418 p.
_c24 cm.
505 _a1. Teoría general del costo - 2. Control y costeo de los factores - 3. Modelo de costeo - 4. Sistema de costos en base histórica: costo de los factores - 5. Sistemas de costos en base histórica. Costeo de los resultados productivos - 6. Sistemas de costos en base predeterminada - 7. Costos de funciones: comercial, administrativa y financiera - 8. Implementación de sistemas de costos
041 _aspa
942 _cBK
590 _aniveau_biblio:m niveau_hierar:0
100 1 _aCascarini, Daniel C.
700 1 _aPeralta, Jorge Alberto
700 1 _aSardi, Jorge Carlos
700 1 _aMangano, Nestor
700 1 _aGómez, Gabriela Ángela
856 4 1 _uhttps://biblioeco.unsa.edu.ar/pmb/images/libros/L126043.jpg
_yImagen de portada
_qimage/jpeg
999 _c3234
_d3234